[Event "Sabadell Coral Colon op 12th"]
[Site "Sabadell"]
[Date "2018.02.09"]
[Round "1"]
[White "Sierra Casado, Manuel"]
[Black "Mayo Delgado, Alfonso"]
[Result "1-0"]
[WhiteElo "1809"]
[BlackElo "1508"]
[PlyCount "85"]
[EventDate "2018.02.09"]
[EventType "swiss"]
[EventRounds "9"]
[EventCountry "ESP"]
[SourceTitle "EXT 2019"]
[Source "ChessBase"]
[SourceDate "2018.10.10"]
[SourceVersion "1"]
[SourceVersionDate "2018.10.10"]
[SourceQuality "1"]

1. e4 e6 2. Nf3 d5 3. exd5 exd5 4. d4 Nf6 5. Bd3 Bd6 6. Qe2+ Be6 7. Ng5 Qe7 8. Nxe6 fxe6 9. 0-0 Nbd7 10. Nc3 a6 11. Re1 Nf8 12. Bg5 0-0-0 13. Nxd5 Bxh2+ 14. Kxh2 Rxd5 15. Be3 Qd6+ 16. g3 Qc6 17. f3 Rh5+ 18. Kg2 Ng4 19. Rh1 Rxh1 20. Rxh1 Nf6 21. c4 h6 22. b4 N8h7 23. Rb1 Rd8 24. b5 axb5 25. Rxb5 b6 26. c5 Rd5 27. cxb6 Rxb5 28. Bxb5 Qxb6 29. Ba6+ Kd8 30. Qb5 Nd5 31. Kf2 Qxb5 32. Bxb5 Nxe3 33. Kxe3 Nf6 34. Bc6 Ke7 35. a4 Nd5+ 36. Bxd5 exd5 37. Kf4 Ke6 38. a5 g5+ 39. Ke3 Kd7 40. f4 gxf4+ 41. gxf4 h5 42. a6 Kc8 43. f5 1-0

[Event "Mollet del Valles op 4th"]
[Site "Mollet del Valles"]
[Date "2016.11.11"]
[Round "7"]
[White "Sierra Casado, Manuel"]
[Black "Molano Lafuente, Ismael"]
[Result "1/2-1/2"]
[WhiteElo "1852"]
[BlackElo "1894"]
[PlyCount "32"]
[EventDate "2016.09.30"]
[EventType "swiss"]
[EventRounds "9"]
[EventCountry "ESP"]
[SourceTitle "EXT 2018"]
[Source "ChessBase"]
[SourceDate "2017.10.13"]
[SourceVersion "1"]
[SourceVersionDate "2017.10.13"]
[SourceQuality "1"]

1. e4 e5 2. Nf3 d6 3. Nc3 Be7 4. Be2 Nf6 5. 0-0 0-0 6. d3 c6 7. b3 Qc7 8. Na4 Nbd7 9. c4 b6 10. Bb2 Bb7 11. Nc3 Rad8 12. Qc2 a6 13. Rac1 c5 14. a4 a5 15. Rce1 Rfe8 16. Nd2 Nf8 1/2-1/2

[Event "Mollet del Valles op 4th"]
[Site "Mollet del Valles"]
[Date "2016.10.21"]
[Round "4"]
[White "Prats Rodriguez, Juan Bosco"]
[Black "Sierra Casado, Manuel"]
[Result "1-0"]
[WhiteElo "1963"]
[BlackElo "1852"]
[PlyCount "91"]
[EventDate "2016.09.30"]
[EventType "swiss"]
[EventRounds "9"]
[EventCountry "ESP"]
[SourceTitle "EXT 2018"]
[Source "ChessBase"]
[SourceDate "2017.10.13"]
[SourceVersion "1"]
[SourceVersionDate "2017.10.13"]
[SourceQuality "1"]

1. e4 c6 2. d4 d5 3. e5 e6 4. a3 Nd7 5. Nf3 Ne7 6. b4 a5 7. c3 Ng6 8. h4 Be7 9. h5 Ngf8 10. Bb2 f6 11. exf6 Nxf6 12. Nbd2 N8d7 13. Bd3 Qc7 14. Qe2 Nb6 15. Bc2 Bd6 16. Ne5 0-0 17. 0-0 axb4 18. axb4 Rxa1 19. Rxa1 Qe7 20. f4 Nfd7 21. Qd3 Nf6 22. g4 g5 23. hxg6 Bxe5 24. dxe5 Nxg4 25. gxh7+ Kh8 26. Qg3 Qg7 27. Re1 Nh6 28. Qxg7+ Kxg7 29. Nf3 Nf5 30. Ng5 Nc4 31. Bc1 Bd7 32. Bd3 b5 33. Kh2 Ra8 34. Kh3 Ra2 35. Rg1 Kh8 36. Bxf5 exf5 37. e6 Be8 38. Rg2 Ra1 39. Rc2 Na3 40. Bxa3 Rxa3 41. Kh4 Ra1 42. Nf7+ Kxh7 43. Nd6 Ra8 44. Kg5 Bg6 45. Nxf5 Rf8 46. Rh2+ 1-0

[Event "Sabadell Coral Colon op 10th"]
[Site "Sabadell"]
[Date "2016.03.04"]
[Round "7"]
[White "Maqueda Berdugo, Francisco"]
[Black "Sierra Casado, Manuel"]
[Result "0-1"]
[WhiteElo "1821"]
[BlackElo "1903"]
[PlyCount "56"]
[EventDate "2016.01.22"]
[EventType "swiss"]
[EventRounds "9"]
[EventCountry "ESP"]
[SourceTitle "EXT 2017"]
[Source "ChessBase"]
[SourceDate "2016.10.25"]
[SourceVersion "1"]
[SourceVersionDate "2016.10.25"]
[SourceQuality "1"]

1. e4 c6 2. d4 d5 3. Nc3 dxe4 4. Nxe4 Bf5 5. Ng3 Bg6 6. h4 h6 7. Nf3 Nd7 8. h5 Bh7 9. Bd3 Bxd3 10. Qxd3 Ngf6 11. Bd2 e6 12. 0-0-0 Qb6 13. Ne5 Rd8 14. Qe2 Qxd4 15. Nxf7 Kxf7 16. Rhe1 Qd5 17. Ba5 Qxa2 18. Bxd8 Qa1+ 19. Kd2 Bb4+ 20. Ke3 Qxb2 21. Bxf6 Nxf6 22. Ne4 Nxe4 23. Rd7+ Ke8 24. Qd1 Nd6 25. Qg4 Kxd7 26. Rb1 Qe5+ 27. Kd3 Qf5+ 28. Qxf5 exf5 0-1

[Event "Sabadell Coral Colon op 10th"]
[Site "Sabadell"]
[Date "2016.02.19"]
[Round "5"]
[White "Morais Carreras, Javier"]
[Black "Sierra Casado, Manuel"]
[Result "1-0"]
[WhiteElo "1958"]
[BlackElo "1903"]
[PlyCount "95"]
[EventDate "2016.01.22"]
[EventType "swiss"]
[EventRounds "9"]
[EventCountry "ESP"]
[SourceTitle "EXT 2017"]
[Source "ChessBase"]
[SourceDate "2016.10.25"]
[SourceVersion "1"]
[SourceVersionDate "2016.10.25"]
[SourceQuality "1"]

1. e4 c6 2. Nc3 d5 3. Nf3 Bg4 4. h3 Bh5 5. exd5 cxd5 6. Bb5+ Nc6 7. g4 Bg6 8. Ne5 Rc8 9. d4 e6 10. h4 f6 11. Nxg6 hxg6 12. Qd3 Nge7 13. Bd2 a6 14. Bxc6+ Rxc6 15. 0-0-0 b5 16. Kb1 Kd7 17. Rde1 Qc7 18. f4 f5 19. Ne2 Nc8 20. Ng1 Bd6 21. Nf3 Nb6 22. gxf5 gxf5 23. Rhg1 Rg8 24. Rg6 Nc4 25. Rgxe6 g6 26. h5 Qd8 27. Rxg6 Nxd2+ 28. Nxd2 Re8 29. Qxf5+ Kc7 30. Qf7+ Re7 31. Rxe7+ Qxe7 32. Qxe7+ Bxe7 33. Rxc6+ Kxc6 34. Nf3 Bf6 35. Kc1 Kd6 36. Kd2 Ke6 37. Ke3 Kf5 38. Ne5 Bg7 39. Kf3 Bh6 40. Nc6 Bf8 41. a3 Bd6 42. Ne5 Bf8 43. Ng6 Bg7 44. Nh4+ Ke6 45. c3 a5 46. Kg4 b4 47. Nf5 Bf8 48. axb4 1-0

[Event "Sabadell MC"]
[Site "Sabadell"]
[Date "2009.03.13"]
[Round "8"]
[White "Molano Lafuente, Ismael"]
[Black "Sierra Casado, Manuel"]
[Result "1-0"]
[WhiteElo "2087"]
[BlackElo "1949"]
[PlyCount "37"]
[EventDate "2009.01.23"]
[EventType "tourn"]
[EventRounds "9"]
[EventCountry "ESP"]
[SourceTitle "EXT 2010"]
[Source "ChessBase"]
[SourceDate "2010.11.25"]
[SourceVersion "1"]
[SourceVersionDate "2010.11.25"]
[SourceQuality "1"]

1. f4 d5 2. Nf3 Nf6 3. e3 Nbd7 4. b3 c5 5. Bb2 e6 6. Bd3 a6 7. a4 Be7 8. 0-0 0-0 9. Ne5 Qc7 10. Qf3 Bd6 11. Nxd7 Nxd7 12. Bxh7+ Kxh7 13. Qh5+ Kg8 14. Bxg7 f5 15. Qg6 Rf6 16. Bxf6+ Kf8 17. Rf3 Nxf6 18. Qxf6+ Qf7 19. Qd8+ 1-0

[Event "Sabadell MC"]
[Site "Sabadell"]
[Date "2009.02.06"]
[Round "3"]
[White "Segarra Calderer, Albert"]
[Black "Sierra Casado, Manuel"]
[Result "1-0"]
[WhiteElo "2135"]
[BlackElo "1949"]
[PlyCount "73"]
[EventDate "2009.01.23"]
[EventType "tourn"]
[EventRounds "9"]
[EventCountry "ESP"]
[SourceTitle "EXT 2010"]
[Source "ChessBase"]
[SourceDate "2010.11.25"]
[SourceVersion "1"]
[SourceVersionDate "2010.11.25"]
[SourceQuality "1"]

1. d4 d5 2. e3 Nf6 3. f4 Bf5 4. Bd3 Bxd3 5. Qxd3 c6 6. Nf3 e6 7. Nbd2 Nbd7 8. 0-0 Rc8 9. Ne5 Be7 10. c3 0-0 11. e4 c5 12. Nxd7 Qxd7 13. e5 Ne8 14. Nf3 g6 15. g4 f5 16. exf6 Nxf6 17. Ne5 Qe8 18. f5 exf5 19. Bh6 cxd4 20. gxf5 Bd6 21. Bxf8 Bxe5 22. cxd4 Bb8 23. fxg6 Qxf8 24. gxh7+ Kh8 25. Qg6 Rc6 26. Rae1 Qg7 27. Qxg7+ Kxg7 28. Re7+ Kh8 29. Rxf6 Rxf6 30. Re8+ Kxh7 31. Rxb8 Rb6 32. b3 Rb4 33. Kf2 Rb5 34. Ke3 Kg6 35. Kf4 b6 36. Ke5 Ra5 37. a4 1-0

[Event "Sabadell MC"]
[Site "Sabadell"]
[Date "2009.01.23"]
[Round "1"]
[White "Subirats Ruiz, Sergi"]
[Black "Sierra Casado, Manuel"]
[Result "1-0"]
[WhiteElo "2058"]
[BlackElo "1949"]
[PlyCount "89"]
[EventDate "2009.01.23"]
[EventType "tourn"]
[EventRounds "9"]
[EventCountry "ESP"]
[SourceTitle "EXT 2010"]
[Source "ChessBase"]
[SourceDate "2010.11.25"]
[SourceVersion "1"]
[SourceVersionDate "2010.11.25"]
[SourceQuality "1"]

1. e4 e5 2. Nf3 Nc6 3. Bc4 Nf6 4. d3 Be7 5. 0-0 d6 6. c3 0-0 7. Re1 Bg4 8. h3 Bh5 9. Nbd2 a6 10. Bb3 Qd7 11. Nf1 Rad8 12. Ng3 h6 13. Bc2 Bg6 14. Nh4 Bh7 15. Nhf5 Kh8 16. d4 Rg8 17. d5 Nb8 18. c4 c5 19. f4 Bf8 20. fxe5 dxe5 21. Qf3 Bxf5 22. exf5 Bd6 23. Ne4 Qe7 24. g4 Nxe4 25. Rxe4 Nd7 26. g5 f6 27. g6 Rge8 28. a4 a5 29. Qh5 Kg8 30. Ra3 Nb8 31. Rg3 Qc7 32. Bxh6 Rd7 33. Bd2 Kf8 34. Qh8+ Ke7 35. Qxg7+ Kd8 36. Qxf6+ Rde7 37. g7 Nd7 38. Qh4 Rg8 39. Bg5 Ke8 40. Bxe7 Bxe7 41. Qh5+ Kd8 42. Qf7 Nf6 43. d6 Qd7 44. Rh4 Qxd6 45. Rd3 1-0

[Event "Cerdanyola del Valles op-A 24th"]
[Site "Cerdanyola del Valles"]
[Date "2006.10.21"]
[Round "4.10"]
[White "Sierra Casado, Manuel"]
[Black "Segarra Calderer, Albert"]
[Result "1-0"]
[WhiteElo "2045"]
[BlackElo "2125"]
[PlyCount "96"]
[EventDate "2006.09.30"]
[EventType "swiss"]
[EventRounds "8"]
[EventCountry "AUT"]
[SourceTitle "EXT 2024"]
[Source "ChessBase"]
[SourceDate "2023.10.10"]
[SourceVersion "1"]
[SourceVersionDate "2023.10.10"]
[SourceQuality "1"]

1. d4 d5 2. Nf3 e6 3. Bf4 Bd6 4. Bg3 Nf6 5. e3 0-0 6. Nbd2 c5 7. c3 Bxg3 8. hxg3 Nc6 9. Qc2 h6 10. dxc5 e5 11. Bb5 Qe7 12. b4 a5 13. Bxc6 bxc6 14. 0-0 Ba6 15. Rfe1 Ng4 16. Nb3 axb4 17. cxb4 Rfb8 18. Na5 Qf6 19. a3 Bc8 20. Nh2 Nxh2 21. Kxh2 Bf5 22. Qd2 h5 23. Rh1 h4 24. gxh4 Qxh4+ 25. Kg1 Qf6 26. Qd1 g6 27. f3 Kg7 28. Kf2 e4 29. Qd4 Rxa5 30. Qxf6+ Kxf6 31. bxa5 exf3 32. gxf3 Ra8 33. Rhe1 Rxa5 34. Rec1 Ra6 35. Rc3 Ra4 36. Ra2 Ke5 37. Rd2 Rh4 38. Kg2 Ra4 39. Kg3 Kf6 40. Rb2 Ke7 41. Rb4 Ra5 42. Rb7+ Bd7 43. Kf4 f6 44. e4 dxe4 45. Kxe4 Ke8 46. Kd4 Ra4+ 47. Rb4 Ra5 48. Re3+ Kd8 1-0

[Event "Barcelona Rubi op-A 5th"]
[Site "Barcelona"]
[Date "2004.04.??"]
[Round "2"]
[White "Prats Rodriguez, Juan Bosco"]
[Black "Sierra Casado, Manuel"]
[Result "1-0"]
[WhiteElo "2195"]
[BlackElo "1965"]
[PlyCount "58"]
[EventDate "2004.04.25"]
[EventType "swiss"]
[EventRounds "9"]
[EventCountry "ESP"]
[SourceTitle "EXT 2007"]
[Source "ChessBase"]
[SourceDate "2006.11.23"]
[SourceVersion "1"]
[SourceVersionDate "2006.11.23"]
[SourceQuality "1"]

1. e4 c6 2. d3 d5 3. Nd2 e5 4. Ngf3 Bd6 5. g3 Bg4 6. Bg2 Ne7 7. c3 Nd7 8. h3 Bh5 9. Qc2 0-0 10. 0-0 Bg6 11. Re1 f5 12. Nh4 fxe4 13. Nxg6 Nxg6 14. dxe4 Nb6 15. Nf3 Qc7 16. b3 Rad8 17. a4 a5 18. Bd2 Be7 19. c4 Na8 20. cxd5 cxd5 21. Qxc7 Nxc7 22. Bxa5 Rd7 23. exd5 Bc5 24. b4 Ba7 25. d6 Ne8 26. b5 Bc5 27. Bc3 Nxd6 28. Bxe5 Nc4 29. Ra2 Rdf7 1-0